Manuela: tradición, modernidad y violencia política (Registro nro. 14092)
[ vista simple ]
| 000 -LEADER | |
|---|---|
| fixed length control field | 00579nam a2200205Ia 4500 |
| 005 - DATE AND TIME OF LATEST TRANSACTION | |
| control field | 20251006225607.0 |
| 008 - FIXED-LENGTH DATA ELEMENTS--GENERAL INFORMATION | |
| fixed length control field | 251006t2001||||xx |||||||||||||| ||und|| |
| 040 ## - CATALOGING SOURCE | |
| Original cataloging agency | CBC |
| 100 ## - MAIN ENTRY--PERSONAL NAME | |
| Personal name | Martínez, Serafín |
| 100 ## - MAIN ENTRY--PERSONAL NAME | |
| Personal name | Nieto López, Judith |
| 100 ## - MAIN ENTRY--PERSONAL NAME | |
| Personal name | Ojeda, Ana Cecilia |
| 245 ## - TITLE STATEMENT | |
| Title | Manuela: tradición, modernidad y violencia política |
| 300 ## - PHYSICAL DESCRIPTION | |
| Extent | p. 305-319 |
| 650 ## - SUBJECT ADDED ENTRY--TOPICAL TERM | |
| Topical term or geographic name entry element | CRITICA LITERARIA |
| 650 ## - SUBJECT ADDED ENTRY--TOPICAL TERM | |
| Topical term or geographic name entry element | IDEOLOGIAS POLITICAS |
| 650 ## - SUBJECT ADDED ENTRY--TOPICAL TERM | |
| Topical term or geographic name entry element | NOVELA |
| 651 ## - SUBJECT ADDED ENTRY--GEOGRAPHIC NAME | |
| Geographic name | COLOMBIA |
| 773 ## - HOST ITEM ENTRY | |
| Main entry heading | Anuario de historia regional y de las fronteras No. 6 (2001) |
| 942 ## - ADDED ENTRY ELEMENTS (KOHA) | |
| Catalogador | MJCh |
No hay ítems disponibles.